Globalization and its effects on urban ministry in the 21st century : (Record no. 9740)
[ view plain ]
| 000 -LEADER | |
|---|---|
| fixed length control field | 00724nam a22002057a 4500 |
| 003 - CONTROL NUMBER IDENTIFIER | |
| control field | GBCCL |
| 005 - DATE AND TIME OF LATEST TRANSACTION | |
| control field | 20241126110718.0 |
| 008 - FIXED-LENGTH DATA ELEMENTS--GENERAL INFORMATION | |
| fixed length control field | 230628b ||||| |||| 00| 0 eng d |
| 020 ## - INTERNATIONAL STANDARD BOOK NUMBER | |
| International Standard Book Number | 9780878080069 |
| 040 ## - CATALOGING SOURCE | |
| Transcribing agency | GBC |
| 082 ## - DEWEY DECIMAL CLASSIFICATION NUMBER | |
| Classification number | 253.091732 |
| Item number | GLO |
| 245 ## - TITLE STATEMENT | |
| Title | Globalization and its effects on urban ministry in the 21st century : |
| Remainder of title | a festschrift in honor of the life and ministry of Dr Manuel Ortiz / |
| Statement of responsibility, etc. | Susan S Baker , Editor |
| 260 ## - PUBLICATION, DISTRIBUTION, ETC. | |
| Place of publication, distribution, etc. | Pasadena, CA : |
| Name of publisher, distributor, etc. | William carey library, |
| Date of publication, distribution, etc. | 2009 |
| 300 ## - PHYSICAL DESCRIPTION | |
| Extent | 358p. ; |
| 650 ## - SUBJECT ADDED ENTRY--TOPICAL TERM | |
| Topical term or geographic name entry element | City missions |
| 9 (RLIN) | 4738 |
| 650 ## - SUBJECT ADDED ENTRY--TOPICAL TERM | |
| Topical term or geographic name entry element | Globalization |
| Form subdivision | Religious aspects |
| General subdivision | Christianity |
| 9 (RLIN) | 15115 |
| 700 ## - ADDED ENTRY--PERSONAL NAME | |
| Personal name | Ortiz, Manuel |
| Dates associated with a name | 1938- |
| 9 (RLIN) | 15397 |
| 700 ## - ADDED ENTRY--PERSONAL NAME | |
| Personal name | Baker, Susan S |
| Dates associated with a name | 1945- |
| 9 (RLIN) | 16923 |
| 942 ## - ADDED ENTRY ELEMENTS (KOHA) | |
| Source of classification or shelving scheme | Dewey Decimal Classification |
| Koha item type | Books |
| Koha issues (borrowed), all copies | 1 |
| Withdrawn status | Lost status | Source of classification or shelving scheme | Damaged status | Not for loan | Home library | Current Library | Shelving location | Date acquired | Total checkouts | Full call number | Barcode | Date last seen | Date last checked out | Copy number | Price effective from | Koha item type |
|---|---|---|---|---|---|---|---|---|---|---|---|---|---|---|---|---|
| Dewey Decimal Classification | GRACE BIBLE COLLEGE | GRACE BIBLE COLLEGE | Ministry & Mission | 2023-06-28 | 1 | 253.091732 GLO | 016018 | 2025-05-01 | 2023-09-23 | c.1 | 2023-06-28 | Books | ||||
| Dewey Decimal Classification | GRACE BIBLE COLLEGE | GRACE BIBLE COLLEGE | Ministry & Mission | 2025-10-21 | 253.091732 GLO | 017180 | 2025-10-21 | c.2 | 2025-10-21 | Books | ||||||
| Dewey Decimal Classification | GRACE BIBLE COLLEGE | GRACE BIBLE COLLEGE | Ministry & Mission | 2025-10-21 | 1 | 253.091732 GLO | 017182 | 2026-03-11 | 2026-03-06 | c.3 | 2025-10-21 | Books |